书目信息 |
| 题名: |
档案馆管理
|
|
| 作者: | 张晓娟 编著 | |
| 分册: | ||
| 出版信息: | 武汉 武汉大学出版社 1997.08 |
|
| 页数: | 372页 | |
| 开本: | 32开 | |
| 丛书名: | ||
| 单 册: | ||
| 中图分类: | G271.2 | |
| 科图分类: | ||
| 主题词: | 档案学 , 档案工作 | |
| 电子资源: | ||
| ISBN: | 7-307-02475-6 | |
| 000 | 00567nam0 2200205 45 | |
| 001 | 0007210961 | |
| 005 | 20000721092040.4 | |
| 010 | @a7-307-02475-6@d11.60元 | |
| 100 | @a20000721d1997 km y0chiy0120 ea | |
| 101 | 0 | @achi |
| 105 | @a z 000yy | |
| 200 | 1 | @a档案馆管理@ADang An Guan Guan Li@f张晓娟 编著@FZhang Xiao Juan Bian Zhu |
| 210 | @a武汉@c武汉大学出版社@d1997.08 | |
| 215 | @a372页@d32开 | |
| 606 | 0 | @a档案学 |
| 606 | 0 | @a档案工作 |
| 690 | @aG271.2@v3 | |
| 701 | 0 | @a张晓娟@4编著 |
| 801 | @aCN@bPftUser@c20000721 | |
| 905 | @b72934-935@dG271.2@eZH360@f2 | |
| 档案馆管理/张晓娟 编著.-武汉:武汉大学出版社,1997.08 |
| 372页;32开 |
| ISBN 7-307-02475-6:11.60元 |
| ● |
| 相关链接 |
|
|
|
正题名:档案馆管理
索取号:G271.2/ZH360
 
预约/预借
| 序号 | 登录号 | 条形码 | 馆藏地/架位号 | 状态 | 备注 |
| 1 | 72934 | 200729346 | 社科库409/409社科库 60排3列1层/ [索取号:G271.2/ZH360] | 在馆 | |
| 2 | 72935 | 200729355 | 社科库409/409社科库 60排3列1层/ [索取号:G271.2/ZH360] | 在馆 |